Loading...
| Fine Arts - Classical Music | 3 | 10.00 | 100% | 0% | 0% |
| Fine Arts - Other Fine Arts | 4 | 12.50 | 100% | 25% | 0% |
| Fine Arts - Visual Fine Arts | 3 | 16.67 | 100% | 67% | 0% |
| History - American History | 5 | 14.00 | 100% | 40% | 0% |
| History - European History | 7 | 17.14 | 100% | 57% | 14% |
| History - Other History | 6 | 15.00 | 83% | 50% | 17% |
| History - World History | 3 | 23.33 | 100% | 100% | 33% |
| Literature - American Literature | 8 | 21.25 | 100% | 88% | 25% |
| Literature - British Literature | 7 | 20.00 | 86% | 100% | 14% |
| Literature - European Literature | 4 | 25.00 | 100% | 100% | 50% |
| Literature - World/Other Literature | 4 | 20.00 | 100% | 100% | 0% |
| Mythology | 4 | 20.00 | 100% | 75% | 25% |
| Other Academic | 3 | 16.67 | 100% | 33% | 33% |
| Philosophy | 6 | 13.33 | 100% | 33% | 0% |
| Pop Culture | 2 | 25.00 | 100% | 100% | 50% |
| Religion | 6 | 15.00 | 100% | 50% | 0% |
| Science - Biology | 5 | 18.00 | 100% | 40% | 40% |
| Science - Chemistry | 5 | 20.00 | 100% | 80% | 20% |
| Science - Other Science | 7 | 15.71 | 100% | 43% | 14% |
| Science - Physics | 7 | 18.57 | 100% | 86% | 0% |
| Social Science | 7 | 15.71 | 86% | 71% | 0% |
| World/Other Literature> | 1 | 20.00 | 100% | 0% | 100% |